000
00350nam a2200157Ia 4500
005
20250423095640.0
008
250422s9999 xx 000 0 und d
020
_a
0-521-44663-5
245
0
_a
HOW TO PROVE IT
260
_a
CAMBRIDGE
260
_b
CAMRIDGE UNIVERSITY PRESS
260
_c
1998
300
_a
309 p
650
_a
MATH
942
_c
BK
999
_c
30910
_d
30910